| 000 | 00620nam a2200181Ia 4500 | ||
|---|---|---|---|
| 008 | 151018s9999 xx 000 0 und d | ||
| 082 |
_bRBASDV35650 _a720 |
||
| 100 | _aगोयल के पवन | ||
| 245 | _aभारतीय वास्तूशास्त्र | ||
| 250 | _b1 | ||
| 260 |
_bसत्साहीत्य _c2001 |
||
| 300 | _a140 | ||
| 600 | _aगोयल के पवन | ||
| 630 | _aभारतीय वास्तूशास्त्र | ||
| 700 | _aगोयल के पवन | ||
| 730 | _aभारतीय वास्तूशास्त्र | ||
| 942 | _cBOOK | ||
| 999 |
_c1035125 _d1035122 |
||